000 00219 a2200097 4500
001 51369
100 _aWarring R H
245 _aPneumatic Hand Book
260 _aLondon
_bGulf Publishers Co.
_c
090 _c32559
_d32559
942 _aNUST-CAE
_cM
_c25068
999 _c286442
_d286442